Študáci a kantoři, aneb, Hvězdy českého filmu za školou /

Hlavní autor: Nytrová, Olga, 1949-
Další autoři: Strachota, Václav, 1952-
Jazyk: Čeština
Vydáno: Praha : Formát, 1999
Vydání: Vyd. 1.
Témata:
Externí odkaz: Digitalizovaný dokument
Fyzický popis: 259 s. [16] s. obr. příl. ; 22 cm
Knihy
Uloženo v:
LEADER 01655nam a2200457 a 4500
001 000541896
003 CZ BrMZK
005 20210213174127.0
007 ta
008 000115s1999 xr e 0dcze d
015 |a cnb000694154 
020 |a 80-86155-41-2 
035 |a (OCoLC)45582571 
040 |a BOA001  |b cze 
043 |a e-xr--- 
045 |a x-x- 
072 7 |a 791  |x Film. Cirkus. Lidová zábava  |2 Konspekt  |9 3 
080 |a 791.63-051  |2 MRF 
080 |a 791.2  |2 MRF 
080 |a 37.091  |2 MRF 
080 |a 791.22/.23  |2 MRF 
080 |a 929  |2 MRF 
080 |a (437.3)  |2 MRF 
080 |a (0:82-94)  |2 MRF 
100 1 |a Nytrová, Olga,  |d 1949-  |7 jk01090864 
245 1 0 |a Študáci a kantoři, aneb, Hvězdy českého filmu za školou /  |c Olga Nytrová, Václav Strachota 
250 |a Vyd. 1. 
260 |a Praha :  |b Formát,  |c 1999 
300 |a 259 s. [16] s. obr. příl. ;  |c 22 cm 
500 |a Dostupné též v digitální podobě v aplikaci Kramerius 
648 7 |a 20. století  |7 ch460558 
650 0 7 |a filmoví umělci  |7 ph120212  |z Česko  |y 20. století  |2 czenas 
650 0 7 |a filmy  |7 ph120215  |z Česko  |y 20. století  |2 czenas 
650 0 7 |a škola  |7 ph127804  |y 20. století  |2 czenas 
650 0 7 |a filmové náměty  |7 ph203867  |2 czenas 
655 7 |a autobiografické vzpomínky  |7 fd131854  |2 czenas 
700 1 |a Strachota, Václav,  |d 1952-  |7 jn20000402294 
856 4 1 |u http://www.digitalniknihovna.cz/mzk/uuid/uuid:fea36c30-bb8b-11e6-acf8-005056827e51  |y Digitalizovaný dokument  |x NDK 
910 |a BOA001  |b 2-1079.614 
990 |a BK 
996 6 |b 2610125664  |c 2-1079.614  |l MZK  |r Sklad / do 1 hodiny  |n 3  |p p.v.  |w 000541896  |u 000010  |a 1  |e BOA001  |j MZK50  |s P